000 00898nam a2200265Ia 4500
003 OSt
005 20220923212449.0
006 a|||||r|||| 00| 0
007 ta
008 220922b |||||||| |||| 00| 0 hin d
024 _a153,225
037 _cTextual
040 _aARTS
_cARTS
_bhin
041 _2hin
_ahin
082 _aO1431,3M80x, 152L6
100 _aसादोवैन, मिहाइल
245 0 _aझोपडी वाल अन्य कहानियॉं
246 _aZopaḍī vāl anya kahāniyaॉan
250 _aसंस्क 3
260 _aनई दिल्ली
_b साहित्य अकादेमी
_c1976
300 _a163 पृ.
_ccm.
650 _aहिन्दी साहित्य
_9156264
942 _hO1431,3M80x, 152L6
_cTEXL
_2CC
999 _c308872
_d308872